1 jeu de mots = 1 Ville de France - Statistiques

Statistiques générales
  • Ce quiz a été pris 489 fois
  • Le résultat moyen est 5 sur 16
Statistiques - réponses
Jeux de mots Ville de France % Correct
Dit "Jon" ! Dijon
98%
J'ai pas ris Paris
94%
Le roy de la savane ! Lyon
88%
Ils sont très utiles au Père Noel Rennes
77%
On y va a 7 ! Sète
57%
Agréable cette ville Nice
21%
Huuu Daaadaaa Troyes
13%
Ville qui traverse Turin Pau
12%
La ville des vieux ( et des canards ) Cannes
10%
Ils sont ici les petits moulins ! Issy-les-Moulineaux
10%
Très utile tous les 28 jours Le Tampon
10%
Je ne suis pas ta marionnette ! Pantin
6%
Tu habites quel département ? Bah le 89 Bayonne
4%
Je les esquinte Les Abymes
3%
Sert moi un jus de pomme frais ! Fréjus
1%
La maisons des tetus Mulhouse
1%
Aucun quiz correspondant
Distribution des résultats
% des personnes avec chaque résultat
Percentile par nombre de réponses
Votre historique - résultats
Vous n’avez pas pris ce quiz